000 00480nam a2200169Ia 4500
008 230718s9999 xx 000 0 und d
020 _a9788126544073
041 _aeng
082 _a158.1
_bMCL
100 _aMclean R.
_9195194
245 _aPlay A Bigger Game
_bHow To Achieve More Be More Do More Have More
260 _c2013
_bWiley
300 _a177
365 _cRs.
_b199.00
700 _aMclean R.
_9195194
906 _dO:0354525-Nov-2013B:430211-Oct-2013
_cGENRL
_b43.78
999 _c334064
_d334064